[Event "35th ch-BAN"]
[Site "Dhaka BAN"]
[Date "2009.06.29"]
[Round "1"]
[White "Ahmed,Mah"]
[Black "Mohammad,Ali"]
[Result "1/2-1/2"]
[WhiteElo "2220"]
[BlackElo "2253"]
[EventDate "2009.06.29"]

1. e4 c5 2. Nf3 d6 3. d4 Nf6 4. Nc3 cxd4 5. Nxd4 a6 6. Bg5 Nbd7 7. f4 g6 8.
Be2 Bg7 9. Qd2 Qc7 10. O-O-O b5 11. Bxf6 Nxf6 12. e5 b4 13. exf6 bxc3 14.
Qxc3 Qxc3 15. bxc3 Bxf6 16. Kd2 Bb7 17. Nf3 Rc8 18. c4 O-O 19. Rb1 Be4 20.
Bd3 d5 21. Rb4 Rc5 22. Ke3 Rfc8 23. Bxe4 dxe4 24. Kxe4 Rxc4+ 25. Rxc4 Rxc4+
26. Kd3 Rc3+ 27. Kd2 Ra3 28. Rb1 Rxa2 29. Ne5 Bxe5 30. fxe5 Ra5 31. Re1
Rd5+ 32. Kc3 e6 33. Re2 Kf8 34. Kb3 Rb5+ 35. Kc4 Ke7 36. Kd4 Rd5+ 37. Ke4
f6 38. exf6+ Kxf6 39. Rf2+ Rf5 40. Rd2 Re5+ 41. Kf4 Rc5 42. Ke4 a5 43. g4
Rc4+ 44. Kd3 Rxg4 45. c4 Ke7 46. Ra2 Rh4 47. Rxa5 Rxh2 48. c5 Kd7 49. Kc4
Rc2+ 50. Kd4 Rd2+ 51. Kc4 e5 52. Ra7+ Ke6 53. Rxh7 Rc2+ 54. Kb5 e4 55. Rg7
Kf6 56. Rg8 e3 57. Re8 e2 58. c6 Kf5 59. Kb6 Rb2+ 60. Ka6 Rc2 61. Kb7 Kf4
62. c7 Kf3 63. Rf8+ Kg3 64. Re8 Kf2 65. Rf8+ Ke3 66. Re8+ Kd2 67. Rd8+ Ke1
68. Rg8 Kd1 69. Rd8+ Ke1 70. Rg8 Kf2 71. Rf8+ Kg3 72. Re8 Kf3 73. Rf8+
1/2-1/2

[Event "35th ch-BAN"]
[Site "Dhaka BAN"]
[Date "2009.06.29"]
[Round "1"]
[White "Bhuiyan,G"]
[Black "Hasan Md,E"]
[Result "0-1"]
[WhiteElo "2135"]
[BlackElo "2135"]
[EventDate "2009.06.29"]

1. Nf3 Nf6 2. b3 g6 3. Bb2 Bg7 4. d3 O-O 5. Nbd2 d6 6. g3 e5 7. Bg2 Nc6 8.
O-O Bd7 9. Re1 Qc8 10. e4 Bh3 11. Bh1 h6 12. c3 Ng4 13. b4 f5 14. b5 Ne7
15. d4 fxe4 16. Qb3+ Kh8 17. Rxe4 d5 18. Re2 e4 19. Ba3 Nf5 20. Bxf8 Qxf8
21. Ne1 Nxd4 22. cxd4 Bxd4 23. Bg2 Bxg2 24. Kxg2 Bxa1 25. Qxd5 Qxf2+ 26.
Rxf2 Ne3+ 27. Kh3 Nxd5 28. Nxe4 Re8 29. Nc2 Rxe4 30. Nxa1 Kg7 31. Nb3 Re5
32. Na5 Ne3 33. g4 Rxb5 34. Nb3 Rd5 35. Rf3 Nc4 36. Rf4 Nb6 37. Nd4 Re5 38.
Kg3 c5 39. Nb5 c4 40. Nd6 Re7 41. Nxc4 Nxc4 42. Rxc4 g5 43. Rc3 b6 44. Rf3
Re2 45. a3 Ra2 46. Rc3 Kf6 47. h4 Ke5 48. h5 a5 49. Rb3 Ke4 50. Rc3 b5 51.
Rb3 Ra1 52. Kh3 Kf4 53. Rd3 Re1 54. Rd4+ Re4 55. Rd6 Re3+ 56. Kg2 Kxg4 57.
Rxh6 Rxa3 58. Rh8 Ra2+ 59. Kg1 b4 60. h6 b3 61. Rb8 Ra1+ 62. Kf2 Rh1 63.
Rxb3 Rxh6 64. Ra3 Rf6+ 65. Kg2 Rf5 66. Ra4+ Kh5 67. Kg3 Kg6 0-1

[Event "35th ch-BAN"]
[Site "Dhaka BAN"]
[Date "2009.06.29"]
[Round "1"]
[White "Ahmed,J BAN"]
[Black "Rahman,Tai"]
[Result "0-1"]
[WhiteElo "2088"]
[BlackElo "2325"]
[EventDate "2009.06.29"]

1. d4 d5 2. c4 e6 3. Nc3 c6 4. Nf3 dxc4 5. a4 Bb4 6. e3 b5 7. Ne5 Bb7 8.
Qg4 Kf8 9. Bd2 Nf6 10. Qf3 Nbd7 11. axb5 Nxe5 12. dxe5 Nd5 13. bxc6 Bxc6
14. Qg4 Nb6 15. Bxc4 h5 16. Qe2 Bxg2 17. Rg1 Bf3 18. Qxf3 Nxc4 19. Bc1 a5
20. Qe4 Rc8 21. Ke2 g6 22. Rd1 Qg5 23. f4 Qh4 24. Qg2 Kg7 25. Rd4 Rhd8 26.
Qg3 Qg4+ 27. Kf2 Rxd4 28. exd4 Qf5 29. Ne2 Qc2 30. b3 Qd1 31. Qf3 Nd2 32.
Bxd2 Qxa1 33. Bxb4 axb4 34. Qb7 Rc2 35. Qxb4 Qd1 36. Qb5 Qxd4+ 37. Ke1 Qe3
38. Kf1 0-1

[Event "35th ch-BAN"]
[Site "Dhaka BAN"]
[Date "2009.06.29"]
[Round "1"]
[White "Reefat,S"]
[Black "Chatterjee,D"]
[Result "1-0"]
[WhiteElo "2486"]
[BlackElo "2248"]
[EventDate "2009.06.29"]

1. d4 Nf6 2. Nc3 c5 3. d5 e6 4. e4 exd5 5. exd5 d6 6. Nf3 Bg4 7. Be2 Bxf3
8. Bxf3 Be7 9. Bf4 Nbd7 10. g4 O-O 11. h4 Ne8 12. Qd2 a6 13. O-O-O b5 14.
g5 b4 15. Ne4 Qa5 16. Kb1 f5 17. Ng3 Nc7 18. Rde1 Bd8 19. Bxd6 Nb5 20. Qf4
Nc3+ 21. bxc3 bxc3 22. Ka1 1-0

[Event "35th ch-BAN"]
[Site "Dhaka BAN"]
[Date "2009.06.29"]
[Round "1"]
[White "Rahman,Zia"]
[Black "Islam,AP"]
[Result "1-0"]
[WhiteElo "2523"]
[BlackElo "2145"]
[EventDate "2009.06.29"]

1. d4 Nf6 2. Bg5 c5 3. Bxf6 exf6 4. Nf3 Qb6 5. b3 Nc6 6. e3 cxd4 7. exd4 d5
8. Be2 Be7 9. O-O O-O 10. c3 Be6 11. Nbd2 Rac8 12. Qb1 Rfd8 13. a4 a5 14.
Rc1 Bf8 15. Nf1 g6 16. Ne1 Re8 17. Qb2 Rcd8 18. Rd1 Ne7 19. Bb5 Nc6 20. Nc2
f5 21. Nd2 h6 22. Rab1 f4 23. Bd3 Ne7 24. Re1 Nf5 25. Nf3 Nd6 26. Na3 Bg7
27. Nb5 Bd7 28. Nxd6 Qxd6 29. Qd2 Bg4 30. Rxe8+ Rxe8 31. Ne1 Bf6 32. h3 Bd7
33. Nf3 Kg7 34. b4 axb4 35. Rxb4 Bc6 36. Bb5 g5 37. Bxc6 bxc6 38. a5 Ra8
39. Qa2 Qc7 40. a6 Ra7 41. Ra4 h5 42. Qe2 Qc8 43. Ne5 Bxe5 44. dxe5 Kg6 45.
h4 Qf5 46. hxg5 Kxg5 47. Ra1 Qe4 48. Qd2 Qxe5 49. g3 Kg6 50. gxf4 Qf6 51.
Kg2 Qf5 52. Kh2 Qe4 53. Re1 Qc4 54. Qe3 Qxa6 55. Rg1+ Kh7 56. Qg3 1-0

[Event "35th ch-BAN"]
[Site "Dhaka BAN"]
[Date "2009.06.29"]
[Round "1"]
[White "Abu Sufian,S"]
[Black "Hossain,Enam"]
[Result "1-0"]
[WhiteElo "2378"]
[BlackElo "2531"]
[EventDate "2009.06.29"]

1. e4 c5 2. Nf3 e6 3. d4 cxd4 4. Nxd4 a6 5. Be2 Nf6 6. Nc3 d6 7. O-O Be7 8.
Be3 O-O 9. f4 Qc7 10. g4 d5 11. e5 Ne4 12. g5 Nxc3 13. bxc3 Qxc3 14. Bd3 g6
15. Ne2 Qc7 16. Ng3 Nd7 17. Bd4 b5 18. Nh5 Bc5 19. Bxc5 Qxc5+ 20. Kg2 Bb7
21. Re1 Rfc8 22. Nf6+ Nxf6 23. gxf6 Rc7 24. Qg4 Rac8 25. Re2 d4+ 26. Kf2
Bd5 27. h4 Kf8 28. Qg5 h5 29. Qh6+ Ke8 30. Qh7 Bc4 31. Rg1 Bxd3 32. cxd3
Rc6 33. f5 exf5 34. e6 Kd8 35. Qxf7 1-0

[Event "35th ch-BAN"]
[Site "Dhaka BAN"]
[Date "2009.06.30"]
[Round "2"]
[White "Mohammad,Ali"]
[Black "Hossain,Enam"]
[Result "0-1"]
[WhiteElo "2253"]
[BlackElo "2531"]
[EventDate "2009.06.29"]

1. e4 c5 2. Nf3 e6 3. d4 cxd4 4. Nxd4 a6 5. Bd3 Bc5 6. Nb3 Be7 7. O-O d6 8.
c4 Nf6 9. Nc3 O-O 10. f4 Nbd7 11. Qe2 b6 12. Bd2 Bb7 13. Rae1 Re8 14. Kh1
g6 15. Nd4 Bf8 16. e5 dxe5 17. fxe5 Nc5 18. Be3 Nh5 19. Bb1 Qh4 20. Kg1
Rad8 21. Nf3 Bxf3 22. Qxf3 Qe7 23. Ne4 Nxe4 24. Bxe4 Rb8 25. Rd1 Ng7 26.
Bc6 Red8 27. Rxd8 Rxd8 28. Bxb6 Rb8 29. c5 Nf5 30. Rd1 Qg5 31. b4 Bg7 32.
Qe4 Ne3 33. Re1 Ng4 34. Bc7 Rc8 35. Bd6 Qh4 36. h3 Qf2+ 37. Kh1 Qh4 38. Re2
Nf2+ 39. Rxf2 Qxf2 40. Bb7 Re8 41. c6 Bh6 42. Bc5 Qf1+ 43. Bg1 Qc1 44. Bxa6
Rd8 45. Be2 Rd2 46. Bf3 Rxa2 47. Qd4 Rd2 48. Qb6 Bf4 49. Qd8+ Rxd8 0-1

[Event "35th ch-BAN"]
[Site "Dhaka BAN"]
[Date "2009.06.30"]
[Round "2"]
[White "Islam,AP"]
[Black "Abu Sufian,S"]
[Result "1/2-1/2"]
[WhiteElo "2145"]
[BlackElo "2378"]
[EventDate "2009.06.29"]

1. e4 c5 2. Nc3 d6 3. f4 Nc6 4. Nf3 g6 5. Bb5 Bd7 6. O-O Bg7 7. Kh1 a6 8.
Bxc6 Bxc6 9. Qe1 b5 10. d3 b4 11. Nd1 Nf6 12. Ne3 Nd7 13. Qh4 a5 14. f5 a4
15. Rb1 b3 16. axb3 axb3 17. c3 Ne5 18. Ne1 Ra4 19. c4 Bf6 20. Qf2 O-O 21.
Bd2 Ra2 22. Nd5 Bxd5 23. exd5 Qd7 24. Bf4 Qxf5 25. Qe2 Qg4 26. Qe3 Rfa8 27.
Bxe5 Bxe5 28. Nf3 Bf6 29. Qe2 Qd7 30. Nd2 Bxb2 31. Nxb3 Bf6 32. Qf3 Rc2 33.
Rf2 Rxf2 34. Qxf2 Rb8 35. Qf1 Qa4 36. Nd2 Rxb1 37. Qxb1 Qa1 38. Qxa1 Bxa1
39. Kg1 f5 40. Kf2 Kf7 41. Ke2 e6 42. dxe6+ Kxe6 43. h3 Be5 44. g4 h5 45.
gxh5 gxh5 46. Nf3 Bf4 47. Kd1 d5 48. cxd5+ Kxd5 49. Ke2 Be5 50. Ke3 Bd6 51.
Ke2 Bf4 52. Kd1 Be3 53. Ke2 f4 54. Kd1 Kd6 55. Ke2 Ke6 56. Kd1 Kd5 57. Ke2
c4 58. dxc4+ Kxc4 59. Ne1 Kd4 60. Kf3 Ke5 61. Ng2 Bd2 62. Nxf4 Bxf4 63. Kg2
1/2-1/2

[Event "35th ch-BAN"]
[Site "Dhaka BAN"]
[Date "2009.06.30"]
[Round "2"]
[White "Chatterjee,D"]
[Black "Rahman,Zia"]
[Result "0-1"]
[WhiteElo "2248"]
[BlackElo "2523"]
[EventDate "2009.06.29"]

1. d4 d5 2. c4 e6 3. Nf3 c6 4. Qc2 Nf6 5. g3 dxc4 6. Qxc4 b5 7. Qc2 Bb7 8.
Bg2 Nbd7 9. Nc3 a6 10. Ne5 Nxe5 11. dxe5 Nd7 12. f4 Qb6 13. e3 Be7 14. O-O
c5 15. Ne4 c4 16. Rd1 Nc5 17. Nxc5 Bxc5 18. Bxb7 Qxb7 19. b3 Qf3 20. bxc4
Rc8 21. Qd3 O-O 22. cxb5 axb5 23. Rf1 Qc6 24. Bb2 Rfd8 25. Bd4 Bxd4 26.
exd4 Qb6 27. Rfd1 Rc4 28. Qe3 h5 29. Rd2 Rdxd4 30. Rxd4 Rxd4 31. Qf2 Qc5
32. Re1 g6 33. h4 Qd5 34. Kh2 Kg7 35. Re2 Rd1 36. Qg2 Qd3 37. Rb2 Qc3 38.
Rc2 Qa3 39. Rd2 Ra1 40. Rc2 Rb1 41. Rd2 Qc3 42. Rc2 Qa1 43. Re2 b4 44. Rd2
Rc1 45. Rc2 Rf1 46. Rf2 Rxf2 47. Qxf2 Qc3 48. Qe2 f6 49. exf6+ Kxf6 50. Kg2
Qc6+ 51. Kh2 Qc5 52. Qd2 Qc3 53. Qe2 Kf5 54. Kg2 Qd4 55. Kh2 Qe4 56. Qb2
Kg4 57. Qf2 e5 58. fxe5 Qxe5 59. Kg2 Qd5+ 60. Kh2 Qe4 61. Qd2 Kf3 62. Qg2+
Ke3 63. Qb2 Qd4 64. Qb3+ Qc3 65. Qe6+ Kf2 66. Qxg6 Qc4 67. Qf5+ Ke3 68.
Qe5+ Kd3 69. Qb2 Ke4 70. Qg2+ Ke3 71. Qb2 Ke4 72. a3 b3 73. Qg2+ Ke3 74.
Qg1+ Kd2 75. Qb6 Kc1 76. Qg1+ Kc2 77. Qf2+ Kb1 78. Qe1+ Ka2 79. g4 0-1

[Event "35th ch-BAN"]
[Site "Dhaka BAN"]
[Date "2009.06.30"]
[Round "2"]
[White "Hasan Md,E"]
[Black "Ahmed,J BAN"]
[Result "1-0"]
[WhiteElo "2135"]
[BlackElo "2088"]
[EventDate "2009.06.29"]

1. e4 c5 2. Nc3 a6 3. g3 b5 4. Bg2 Bb7 5. d3 e6 6. Nh3 g6 7. O-O Bg7 8. Be3
d6 9. Qd2 Nc6 10. f4 Nge7 11. Rf2 b4 12. Nd1 O-O 13. c3 a5 14. g4 f5 15.
gxf5 exf5 16. exf5 Nxf5 17. Bd5+ Kh8 18. Ng5 Qd7 19. Rf3 Nd8 20. Bxb7 Nxb7
21. Rh3 h6 22. Qg2 Rae8 23. Bd2 Rf6 24. Nf2 d5 25. Ng4 Rb6 26. Nf3 bxc3 27.
bxc3 Kh7 28. Nge5 Qd6 29. Nf7 Qd7 30. N3e5 Bxe5 31. Nxe5 Qd6 32. Kh1 Nd8
33. Rg1 Re6 34. Qg4 d4 35. c4 Rb2 36. Bxa5 Ne3 37. Rxe3 dxe3 38. Bxd8 h5
39. Qf3 Qxd8 40. Nxg6 Rxh2+ 41. Kxh2 Rxg6 42. Rxg6 Qh4+ 43. Kg2 Kxg6 44.
Qxe3 Kf7 45. a4 Qg4+ 46. Kf2 h4 47. Qf3 Qg6 48. Qd5+ Ke8 49. Qe4+ 1-0

[Event "35th ch-BAN"]
[Site "Dhaka BAN"]
[Date "2009.06.30"]
[Round "2"]
[White "Ahmed,Mah"]
[Black "Bhuiyan,G"]
[Result "0-1"]
[WhiteElo "2220"]
[BlackElo "2135"]
[EventDate "2009.06.29"]

1. e4 c6 2. d4 d6 3. Nf3 Nf6 4. Bd3 Bg4 5. h3 Bxf3 6. Qxf3 e5 7. dxe5 dxe5
8. O-O Nbd7 9. Bc4 Be7 10. Qg3 O-O 11. Bh6 Ne8 12. Rd1 Qc7 13. a3 Ndf6 14.
Nc3 Nh5 15. Qf3 Nf4 16. Bxf4 exf4 17. Rd2 Nf6 18. Rad1 Qe5 19. Ne2 Nxe4 20.
Rd4 Nd6 21. Bd3 g5 22. Qh5 f5 23. Bc4+ Nxc4 24. Rxc4 Rad8 25. Rcd4 Rxd4 26.
Nxd4 Rd8 27. c3 c5 28. Nb3 Kg7 29. Rxd8 Bxd8 30. Qd1 Bc7 31. Nd2 Kg6 32.
Nf3 Qe6 33. Kf1 h5 34. Qe2 Qxe2+ 35. Kxe2 g4 36. Ng1 f3+ 37. Kf1 Bh2 38.
hxg4 fxg4 39. gxf3 Bxg1 40. Kxg1 gxf3 41. Kh2 h4 42. Kh3 Kg5 43. b3 b5 44.
a4 bxa4 45. bxa4 c4 46. a5 a6 47. Kh2 Kg4 48. Kg1 Kf4 49. Kh2 Ke4 50. Kh3
Kd3 51. Kxh4 Kxc3 52. Kg3 Kd3 53. Kxf3 0-1

[Event "35th ch-BAN"]
[Site "Dhaka BAN"]
[Date "2009.07.01"]
[Round "3"]
[White "Bhuiyan,G"]
[Black "Mohammad,Ali"]
[Result "1-0"]
[WhiteElo "2135"]
[BlackElo "2253"]
[EventDate "2009.06.29"]

1. Nf3 c5 2. g3 Nc6 3. Bg2 Nf6 4. c4 g6 5. Nc3 Bg7 6. O-O O-O 7. Rb1 d6 8.
a3 Bf5 9. d3 Qd7 10. Re1 Bh3 11. Bh1 h6 12. b4 cxb4 13. axb4 Nh5 14. Bd2 g5
15. b5 Nd8 16. b6 a6 17. Nd5 Ne6 18. Ba5 Rab8 19. Nc7 Nf6 20. e3 Ne8 21.
Nd5 Nd8 22. d4 Be6 23. Nd2 Bxd5 24. cxd5 f5 25. Nb3 f4 26. e4 e5 27. dxe6
Nxe6 28. e5 fxg3 29. hxg3 d5 30. Bb4 Rf7 31. Nc5 Qc6 32. Qd2 Rd8 33. Rec1
Bf8 34. Nxa6 Qxb6 35. Ba5 Qxa6 36. Bxd8 Nxd8 37. Bxd5 Ne6 38. Qa2 Qxa2 39.
Bxa2 N8g7 40. d5 Nd4 41. Kg2 Kh7 42. e6 Re7 43. Rc8 Ne8 44. Rb4 Bg7 45.
Bb1+ Kg8 46. Bg6 Nxe6 47. dxe6 Kf8 48. Rxb7 Rxe6 49. Bxe8 1-0

[Event "35th ch-BAN"]
[Site "Dhaka BAN"]
[Date "2009.07.01"]
[Round "3"]
[White "Reefat,S"]
[Black "Rahman,Tai"]
[Result "1/2-1/2"]
[WhiteElo "2486"]
[BlackElo "2325"]
[EventDate "2009.06.29"]

1. e4 c5 2. Nc3 Nc6 3. Nf3 e5 4. Bc4 Be7 5. d3 d6 6. O-O Nf6 7. Ng5 O-O 8.
f4 h6 9. Nf3 exf4 10. Bxf4 Be6 11. h3 d5 12. exd5 Nxd5 13. Bxd5 Bxd5 14.
Ne5 Nxe5 15. Bxe5 Bc6 16. Qg4 f6 17. Bg3 Rf7 18. Rae1 Qd7 19. Qg6 Bd6 20.
Bxd6 Qxd6 21. Ne4 Bxe4 22. Rxe4 Re7 23. Rxf6 Qxf6 24. Qxf6 Rxe4 25. Qd6
Re1+ 26. Kf2 Rae8 27. Qxc5 b6 28. Qc4+ Kh8 29. d4 Rd1 30. b4 Rd2+ 31. Kf3
Rf8+ 32. Kg3 Rff2 33. Qc8+ Kh7 34. c4 Rxg2+ 35. Kf3 Rde2 36. Qf5+ Kh8 37.
Qc8+ Kh7 1/2-1/2

[Event "35th ch-BAN"]
[Site "Dhaka BAN"]
[Date "2009.07.01"]
[Round "3"]
[White "Rahman,Zia"]
[Black "Mohammad,J"]
[Result "1-0"]
[WhiteElo "2523"]
[BlackElo "2207"]
[EventDate "2009.06.29"]

1. d4 d5 2. Nf3 Nf6 3. c4 c6 4. e3 e6 5. Bd3 Nbd7 6. O-O dxc4 7. Bxc4 Bd6
8. Nc3 O-O 9. e4 e5 10. Be3 Qe7 11. Bb3 exd4 12. Bxd4 Ne5 13. Nxe5 Bxe5 14.
Bxe5 Qxe5 15. f4 Qe7 16. e5 Ng4 17. Qf3 Bf5 18. h3 Nh6 19. g4 Be6 20. Bc2
f5 21. exf6 gxf6 22. Qe3 f5 23. Rfe1 Rae8 24. Bb3 Rf6 25. g5 Rg6 26. Bxe6+
Kf8 27. Qf2 1-0

[Event "35th ch-BAN"]
[Site "Dhaka BAN"]
[Date "2009.07.01"]
[Round "3"]
[White "Abu Sufian,S"]
[Black "Chatterjee,D"]
[Result "1/2-1/2"]
[WhiteElo "2378"]
[BlackElo "2248"]
[EventDate "2009.06.29"]

1. e4 d5 2. exd5 Qxd5 3. Nc3 Qa5 4. d4 Nf6 5. Nf3 c6 6. Bc4 Bf5 7. Bd2 e6
8. Qe2 Bb4 9. O-O-O O-O 10. a3 Bxc3 11. Bxc3 Qc7 12. Ne5 Nbd7 13. h3 Ne4
14. Bd2 Nxe5 15. dxe5 Nxd2 16. Rxd2 Rad8 17. Rhd1 Rxd2 18. Rxd2 Rd8 19. g4
Bg6 20. f4 Rxd2 21. Qxd2 h5 22. Qf2 hxg4 23. hxg4 Qb6 24. Qxb6 axb6 25. Bd3
Bxd3 26. cxd3 Kf8 27. a4 Ke7 28. Kd2 Kd7 29. d4 Kc7 30. Kd3 Kd7 31. Ke4 Ke7
32. f5 exf5+ 33. gxf5 Kd7 34. Kf4 Ke7 35. Kg5 Kd7 36. Kf4 Ke7 37. Ke4 Kd7
38. Ke3 Ke7 39. b3 Kd7 40. Ke4 Ke7 41. b4 Kd7 42. Kd3 Ke7 43. Ke3 Kd7 44.
Ke4 Ke7 45. d5 cxd5+ 46. Kxd5 Kd7 47. b5 Ke7 48. Ke4 1/2-1/2

[Event "35th ch-BAN"]
[Site "Dhaka BAN"]
[Date "2009.07.01"]
[Round "3"]
[White "Hossain,Enam"]
[Black "Islam,AP"]
[Result "1-0"]
[WhiteElo "2531"]
[BlackElo "2145"]
[EventDate "2009.06.29"]

1. e4 e5 2. Bc4 Nf6 3. d3 Nc6 4. Nc3 Be7 5. f4 d6 6. Nf3 Bg4 7. h3 Bxf3 8.
Qxf3 Nd4 9. Qd1 c6 10. O-O O-O 11. a3 exf4 12. Bxf4 d5 13. exd5 cxd5 14.
Ba2 Ne6 15. Bg3 Qb6+ 16. Kh1 d4 17. Nd5 Nxd5 18. Bxd5 Rad8 19. Bc4 Bg5 20.
Qg4 Be3 21. b4 Rde8 22. Rf5 Nd8 23. Raf1 Ne6 24. Be5 g6 25. Rf6 Bh6 26. Qf3
Qc6 27. Rxf7 Qxf3 28. R7xf3 Rxf3 29. Rxf3 Bg7 30. Bg3 a6 31. a4 h5 32. a5
Kh7 33. Rf7 Nd8 34. Rd7 Re3 35. Bh4 1-0

[Event "35th ch-BAN"]
[Site "Dhaka BAN"]
[Date "2009.07.02"]
[Round "4"]
[White "Mohammad,Ali"]
[Black "Islam,AP"]
[Result "1-0"]
[WhiteElo "2253"]
[BlackElo "2145"]
[EventDate "2009.06.29"]

1. e4 e5 2. Nf3 Nc6 3. Bb5 a6 4. Ba4 Nf6 5. O-O Be7 6. Re1 b5 7. Bb3 O-O 8.
h3 Bb7 9. c3 d6 10. d4 Nd7 11. Nbd2 Bf6 12. d5 Ne7 13. Nf1 Nc5 14. Bc2 c6
15. b4 Na4 16. Bxa4 bxa4 17. c4 cxd5 18. cxd5 Qd7 19. Ne3 Nc8 20. Nc4 Bd8
21. g4 Nb6 22. Ne3 g6 23. Bd2 Rc8 24. Rc1 Be7 25. Qe2 Qb5 26. Qf1 Qxf1+ 27.
Kxf1 Rxc1 28. Rxc1 Rc8 29. Ke2 Rxc1 30. Bxc1 Bc8 31. Ne1 Bd7 32. N1c2 h5
33. Na3 Bg5 34. f3 f5 35. Bd2 f4 36. Nd1 Kf7 37. Be1 Bd8 38. Bf2 Nc8 39.
Nc3 Bb6 40. Nc4 Bxf2 41. Kxf2 Ke7 42. Ke1 Kf6 43. Kf2 Kg5 44. Kg2 Kh4 45.
Na5 Nb6 46. Nc6 Nc4 47. Nd1 Ne3+ 48. Nxe3 fxe3 49. Ne7 Kg5 50. a3 Kf6 51.
Nc6 Kg5 52. Nd8 Kf4 53. Ne6+ 1-0

[Event "35th ch-BAN"]
[Site "Dhaka BAN"]
[Date "2009.07.02"]
[Round "4"]
[White "Chatterjee,D"]
[Black "Hossain,Enam"]
[Result "0-1"]
[WhiteElo "2248"]
[BlackElo "2531"]
[EventDate "2009.06.29"]

1. d4 d5 2. c4 c6 3. Nf3 Nf6 4. Nc3 dxc4 5. a4 Bf5 6. e3 e6 7. Bxc4 Bb4 8.
O-O O-O 9. Qe2 Nbd7 10. e4 Bg6 11. Bd3 h6 12. h3 Re8 13. e5 Nd5 14. Nxd5
cxd5 15. Nh2 Nb8 16. f4 Nc6 17. Be3 Qb6 18. Nf3 Be4 19. Kh1 Rac8 20. Rad1
Bxd3 21. Qxd3 Ba5 22. g4 Nb4 23. Qb3 Nc2 24. Qxb6 Bxb6 25. Bg1 Rc4 26. b3
Rc3 27. Rb1 Rec8 28. Kg2 Nb4 29. Rfd1 Rc2+ 30. Kg3 R8c3 31. Bf2 Nd3 32. Bg1
Nc1 0-1

[Event "35th ch-BAN"]
[Site "Dhaka BAN"]
[Date "2009.07.02"]
[Round "4"]
[White "Mohammad,J"]
[Black "Abu Sufian,S"]
[Result "0-1"]
[WhiteElo "2207"]
[BlackElo "2378"]
[EventDate "2009.06.29"]

1. e4 c5 2. Nf3 d6 3. d4 cxd4 4. Nxd4 Nf6 5. Nc3 g6 6. Be3 Bg7 7. f3 Nc6 8.
Qd2 O-O 9. Bc4 Bd7 10. Bb3 Rc8 11. h4 h5 12. O-O-O Ne5 13. Kb1 Re8 14. Bh6
Nc4 15. Bxc4 Rxc4 16. Bxg7 Kxg7 17. g4 hxg4 18. h5 Rh8 19. h6+ Kh7 20. Nd5
e5 21. Nb3 Nxd5 22. Qxd5 Be6 23. Qd3 gxf3 24. Qxf3 Qe7 25. Nd2 Rc5 26. Qg2
Rhc8 27. c3 b5 28. Nf3 a5 29. Ng5+ Kh8 30. Nxe6 Qxe6 31. Qd2 Rc4 32. Rh4 b4
33. cxb4 axb4 34. Rf1 Kh7 35. Qg5 d5 36. b3 Rxe4 37. Rxe4 dxe4 38. Qd2 Qe7
39. Qe2 f5 40. Rd1 Kh8 41. Qb5 e3 42. Qe2 f4 43. Qg4 Rd8 44. Rg1 Qf6 45.
Kb2 Rd2+ 0-1

[Event "35th ch-BAN"]
[Site "Dhaka BAN"]
[Date "2009.07.02"]
[Round "4"]
[White "Rahman,Tai"]
[Black "Rahman,Zia"]
[Result "0-1"]
[WhiteElo "2325"]
[BlackElo "2523"]
[EventDate "2009.06.29"]

1. d4 d6 2. Nf3 Bg4 3. e4 Nd7 4. c4 e5 5. Be3 Be7 6. Be2 Bxf3 7. Bxf3 Bg5
8. Qd2 Bxe3 9. Qxe3 Ne7 10. Nd2 O-O 11. O-O a5 12. dxe5 dxe5 13. Rfd1 Nc6
14. Rac1 Qe7 15. c5 Rfd8 16. Bg4 Nf6 17. Be2 Rd4 18. f3 Rdd8 19. a4 Nh5 20.
g3 Rd4 21. Nb3 Rxa4 22. Qc3 Rb4 23. Bc4 a4 24. Na1 Qxc5+ 25. Kg2 Qb6 26.
Rd7 Rxb2+ 27. Nc2 Rf8 28. Kh1 Nf6 29. Rdd1 h5 30. Ra1 Rd8 31. Bd5 Nxd5 32.
exd5 Nd4 33. Nxd4 exd4 34. Rxd4 Rb3 35. Qd2 a3 36. Rc4 Qf6 37. Re1 Qxf3+
0-1

[Event "35th ch-BAN"]
[Site "Dhaka BAN"]
[Date "2009.07.02"]
[Round "4"]
[White "Hasan Md,E"]
[Black "Reefat,S"]
[Result "1/2-1/2"]
[WhiteElo "2135"]
[BlackElo "2486"]
[EventDate "2009.06.29"]

1. e4 e6 2. d4 d5 3. e5 c5 4. c3 Nc6 5. Nf3 Bd7 6. Be2 Nge7 7. Na3 cxd4 8.
cxd4 Nf5 9. Nc2 Qb6 10. O-O a5 11. g4 Nfe7 12. Nh4 Nb4 13. Nxb4 axb4 14.
Be3 Bb5 15. a4 Bxe2 16. Qxe2 Nc6 17. Qb5 Qxb5 18. axb5 Na5 19. Rfc1 Be7 20.
Nf3 Kd7 21. Nd2 b6 22. f4 Rhc8 23. f5 b3 24. Rf1 Nc4 25. Nxc4 dxc4 26. Bd2
Ra2 27. Bc3 Ke8 28. Rab1 Rd8 29. Kf2 Rd5 30. Ra1 Rxb5 31. Rxa2 bxa2 32. Ra1
Rd5 33. Rxa2 Rd8 34. Ra6 exf5 1/2-1/2

[Event "35th ch-BAN"]
[Site "Dhaka BAN"]
[Date "2009.07.02"]
[Round "4"]
[White "Bhuiyan,G"]
[Black "Ahmed,J BAN"]
[Result "1-0"]
[WhiteElo "2135"]
[BlackElo "2088"]
[EventDate "2009.06.29"]

1. Nf3 g6 2. e4 d6 3. Bc4 h6 4. e5 d5 5. Bb3 c5 6. c4 d4 7. Ba4+ Nc6 8. b4
e6 9. b5 Na5 10. d3 b6 11. Bd2 Nb7 12. Bf4 Ne7 13. Nbd2 g5 14. Ne4 Bg7 15.
Bd2 Ng6 16. Qe2 g4 17. Ng1 Nxe5 18. h3 gxh3 19. Rxh3 Ng6 20. g4 e5 21. Qf3
Be6 22. Ng3 Qe7 23. O-O-O O-O-O 24. Nf5 Bxf5 25. gxf5 e4 26. Qg2 e3 27.
fxe3 dxe3 28. Rxe3 Qh4 29. Qc6+ Kb8 30. Nf3 Qf2 31. fxg6 Na5 32. Qe4 fxg6
33. Re2 Rd4 34. Bf4+ Kc8 35. Qa8+ Kd7 36. Qxa7+ 1-0

[Event "35th ch-BAN"]
[Site "Dhaka BAN"]
[Date "2009.07.03"]
[Round "5"]
[White "Ahmed,J BAN"]
[Black "Mohammad,Ali"]
[Result "1-0"]
[WhiteElo "2088"]
[BlackElo "2253"]
[EventDate "2009.06.29"]

1. d4 d5 2. c4 c6 3. Nc3 Nf6 4. Nf3 dxc4 5. a4 Bf5 6. Ne5 Nbd7 7. Nxc4 Nb6
8. Ne5 a5 9. e3 e6 10. g4 Bg6 11. h4 Be4 12. f3 Bd5 13. e4 Bxe4 14. fxe4
Bb4 15. Bg2 Nfd7 16. Nd3 O-O 17. Nxb4 axb4 18. Ne2 e5 19. b3 exd4 20. Qxd4
c5 21. Qd6 Ra6 22. Qd2 Ne5 23. Qxd8 Rxd8 24. Be3 Nbd7 25. Rd1 c4 26. bxc4
Nxc4 27. Bc5 Nce5 28. Bxb4 Rxa4 29. Bc3 Re8 30. O-O h6 31. Rd5 f6 32. Rfd1
Ra2 33. Nf4 Rc2 34. Ba1 Kh7 35. h5 Nb6 36. Rb5 Nbc4 37. Bxe5 Nxe5 38. Rxb7
Nxg4 39. Rdd7 Rc1+ 40. Bf1 Rg8 41. Nd5 Kh8 42. Kg2 Ra8 43. Nf4 Ra2+ 44. Be2
Rxe2+ 45. Nxe2 Rc2 46. Rb8+ Kh7 47. Rbd8 Rxe2+ 48. Kf3 Re3+ 49. Kxg4 1-0

[Event "35th ch-BAN"]
[Site "Dhaka BAN"]
[Date "2009.07.03"]
[Round "5"]
[White "Rahman,Zia"]
[Black "Hasan Md,E"]
[Result "1-0"]
[WhiteElo "2523"]
[BlackElo "2135"]
[EventDate "2009.06.29"]

1. d4 g6 2. e4 d6 3. Nc3 Bg7 4. Be3 Nf6 5. Qd2 c6 6. f3 Nbd7 7. Nge2 b5 8.
Bh6 O-O 9. h4 b4 10. Nd1 Qa5 11. Bxg7 Kxg7 12. h5 e5 13. hxg6 fxg6 14. Nc1
Qb6 15. Qh6+ Kf7 16. Ne3 Ba6 17. Bxa6 Qxa6 18. dxe5 Nxe5 19. Nb3 Ke7 20. f4
Nc4 21. Nxc4 Qxc4 22. O-O-O 1-0

[Event "35th ch-BAN"]
[Site "Dhaka BAN"]
[Date "2009.07.03"]
[Round "5"]
[White "Abu Sufian,S"]
[Black "Rahman,Tai"]
[Result "1/2-1/2"]
[WhiteElo "2378"]
[BlackElo "2325"]
[EventDate "2009.06.29"]

1. e4 c5 2. Nf3 Nc6 3. Bb5 g6 4. O-O Bg7 5. c3 Nf6 6. Re1 O-O 7. d4 d5 8.
e5 Ne4 9. Bxc6 bxc6 10. Nbd2 cxd4 11. cxd4 c5 12. dxc5 Nxc5 13. Nb3 Nxb3
14. Qxb3 d4 15. Rd1 Qc7 16. Bf4 Bg4 17. Rac1 Qa5 18. Rxd4 Bxf3 19. gxf3
Rab8 20. Ra4 Qd8 21. Qa3 Rb5 22. Rxa7 Bxe5 23. Bxe5 Rxe5 24. Qc3 Rg5+ 25.
Kh1 Rh5 26. Ra4 Qd6 27. h4 Qd7 28. Rg4 Qa7 29. Qd4 Qxa2 30. Rg5 Rxg5 31.
hxg5 Rb8 32. Kg2 Qa5 33. Rc5 Qa6 34. b4 h5 35. b5 Rxb5 36. Qd3 Rxc5 37.
Qxa6 Rxg5+ 38. Kh3 Rf5 39. Kg3 e5 40. Qc8+ Kh7 41. Qd8 Kg7 42. Kg2 Kh7 43.
Qe7 Kg7 44. Kf1 Rxf3 45. Qxe5+ Kh7 46. Qe7 Rf5 47. Qf8 h4 48. Kg2 h3+ 49.
Kxh3 Rxf2 50. Kg3 Rf5 51. Kg2 Rf4 52. Kg3 Rf5 1/2-1/2

[Event "35th ch-BAN"]
[Site "Dhaka BAN"]
[Date "2009.07.03"]
[Round "5"]
[White "Hossain,Enam"]
[Black "Mohammad,J"]
[Result "0-1"]
[WhiteElo "2531"]
[BlackElo "2207"]
[EventDate "2009.06.29"]

1. e4 e5 2. Nf3 Nc6 3. Bc4 Nf6 4. d3 Bc5 5. c3 d6 6. Bb3 a6 7. Nbd2 Ba7 8.
h3 O-O 9. Nf1 Ne7 10. g4 Be6 11. Ne3 Ng6 12. Nf5 d5 13. Qe2 dxe4 14. dxe4
Bxb3 15. axb3 Qd7 16. Be3 Bxe3 17. Qxe3 Nf4 18. Kf1 Qd3+ 19. Qxd3 Nxd3 20.
Rd1 Rad8 21. Ng3 Nxb2 22. Rb1 Nd3 23. g5 Nd7 24. Ke2 N7c5 25. Ke3 f6 26. h4
Nf4 27. Rhd1 Nxb3 28. Nf5 Na5 0-1

[Event "35th ch-BAN"]
[Site "Dhaka BAN"]
[Date "2009.07.03"]
[Round "5"]
[White "Islam,AP"]
[Black "Chatterjee,D"]
[Result "0-1"]
[WhiteElo "2145"]
[BlackElo "2248"]
[EventDate "2009.06.29"]

1. e4 c5 2. Nc3 Nc6 3. g3 g6 4. Bg2 Bg7 5. Nge2 e6 6. d3 Nge7 7. Be3 d6 8.
Qd2 Nd4 9. Nc1 O-O 10. Nd1 e5 11. h3 f5 12. f4 exf4 13. gxf4 fxe4 14. dxe4
d5 15. c3 dxe4 16. Bxe4 Bf5 17. Qg2 Bxe4 18. Qxe4 Nef5 19. Bxd4 Bxd4 20.
Ne2 Re8 21. Qd3 Qh4+ 22. Kd2 Bf6 23. Kc2 Rad8 24. Qf3 c4 25. Nc1 Re1 26.
Nf2 Re3 27. Qg2 Re2+ 0-1